1106 1275 1834 1865 1408 1581 1924 1351 1259 1238 1201 1813 1274 1377 1898 1489 1709 1464 1753 1733 1988 1062 1249 1999 1377 1759 1895 1571 1452 1925 1350 1353 1178 1602 1146 1091 1647 1046 1568 1405 1281 1525 1736 1345 1043 1537 1684 1454 1708 1793 1389 1989 1038 1934 1079 1552 1503 1538 1172 1427 1152 1611 1855 1699 1119 1416 1376 1545 1440 1021 1817 1881 1651 1559 1301 1039 1952 1290 1715 1368 1480 1343 1189 1270 1366 1148 1866 1502 1447 1339 1048 1201 1029 1806 1480 1579 1958 1817 1810 BCNSPRNW ULIB Ver.6.0+V

เปลี่ยนเป็นภาษาไทย

Change to English
 แสดงรายละเอียดบรรณานุกรม
  กลับหน้าหลัก

Brief Record : Get Marc (ISO 2709) : E-mail record : QR code < ปิดหน้าต่าง
LEADER : 00000nam 2200000uu 4500
001    13399112679
003     ULIB
008    110901s2547||||th 000 0 tha d
020    9747883325
020    9789747883329
050  4 LA1221^bป133ป 2545
245 00 ปฏิรูปการศึกษา /^cโดย สถาบันวิถีทรรศน์ มูลนิธีวิถีทรรศน์ ;บรรณาธิการ, จุไรรัตน์ แสนใจรักษ์
246 30 ผ่าทางตันปฏิรูปการศึกษา
250    พิมพ์ครั้งที่ 2
260    กรุงเทพฯ :^bสถาบันวิถีทรรศน์,^c2547
300    (9), 283 หน้า :^bภาพประกอบ ;^c21 ซม.
440  0 ชุดโลกาภิวัตน์ ;^v21
500    ชื่อเรื่องที่ปกและสัน: ผ่าทางตันปฏิรูปการศึกษา
650  4 การปฏิรูปการศึกษา^zไทย
700 0  ประเวศ วะสี
700 0  จุไรรัตน์ แสนใจรักษ์,^d2505-,^eบรรณาธิการ
710 2  มูลนิธิวิถีทรรศน์
945    ^p210^l0^i016081
995    ทศพร
999 ^a ทศพร
รายการนี้ยังไม่มีแท็ก
คุณยังไม่ได้ล็อกอิน คุณสามารถมีกิจกรรมร่วมกับเว็บไซต์ได้ แต่ต้องล็อกอินก่อน ::
  ล็อกอิน

รายการสื่อสารสนเทศ

ลำดับที่ ประเภท เลขเรียก/บาร์โค้ด สถานที่ สถานะ
- ไม่พบข้อมูล -

BibComment


ยังไม่เคยถูกคอมเมนท์

คอมเมนท์ทรัพยากรรายการนี้
  คอมเมนท์: ปฏิรูปการศึกษา โ..


 Copyright 2026. Bcnsprnw @Library